Japanese painting
This book consists of the following many parts: Japanese painting, evidence and documents, the schools of Japanese painting, school and painters, chronology, periods of Japanese and neighbouring civilisations, periods of Japanese painting and the four major periods, museums, maps, ...
Αποθηκεύτηκε σε:
| Κύριος συγγραφέας: | |
|---|---|
| Μορφή: | Βιβλίο |
| Γλώσσα: | Undetermined |
| Έκδοση: |
London
Heron
1970
|
| Θέματα: | |
| Ετικέτες: |
Προσθήκη ετικέτας
Δεν υπάρχουν, Καταχωρήστε ετικέτα πρώτοι!
|
| Thư viện lưu trữ: | Trung tâm Học liệu Trường Đại học Cần Thơ |
|---|
| LEADER | 00895nam a2200217Ia 4500 | ||
|---|---|---|---|
| 001 | CTU_108188 | ||
| 008 | 210402s9999 xx 000 0 und d | ||
| 082 | |a 759.952 | ||
| 082 | |b L622 | ||
| 100 | |a Lésoualc’h, Théo | ||
| 245 | 0 | |a Japanese painting | |
| 245 | 0 | |c Lésoualc’h, Théo; translated from the French by Pamela Marwood | |
| 260 | |a London | ||
| 260 | |b Heron | ||
| 260 | |c 1970 | ||
| 520 | |a This book consists of the following many parts: Japanese painting, evidence and documents, the schools of Japanese painting, school and painters, chronology, periods of Japanese and neighbouring civilisations, periods of Japanese painting and the four major periods, museums, maps, ... | ||
| 650 | |a Painting, Japanese,Art, Japanese | ||
| 650 | |x History,Dictionaries | ||
| 650 | |z French | ||
| 904 | |i Hạ Nguyên | ||
| 980 | |a Trung tâm Học liệu Trường Đại học Cần Thơ | ||